[Event "Quebec-ch U14"]
[Site "Montreal"]
[Date "2009.11.29"]
[Round "4"]
[White "Drouin, Dominic"]
[Black "Mokrani, Youcef"]
[Result "0-1"]
[WhiteElo "1076"]
[BlackElo "1021"]
[PlyCount "95"]
[EventDate "2009.11.27"]
[EventType "swiss"]
[EventRounds "5"]
[EventCountry "CAN"]
[SourceTitle "EXT 2011"]
[Source "ChessBase"]
[SourceDate "2010.11.26"]
[SourceVersion "1"]
[SourceVersionDate "2010.11.26"]
[SourceQuality "1"]

1. e4 e5 2. Nf3 Nc6 3. Nc3 Nf6 4. d3 d5 5. Ng5 Qd7 6. Qf3 h6 7. exd5 Nd4 8. Qd1 Nxd5 9. Nxd5 Qxd5 10. Ne4 Bf5 11. Nc3 Qc5 12. Be3 Qc6 13. Bxd4 exd4 14. Nb1 Be6 15. Qe2 Be7 16. Qe5 Bf6 17. Qe2 0-0-0 18. f3 Rhe8 19. Nd2 Bf5 20. Ne4 Bxe4 21. 0-0-0 Bg5+ 22. Kb1 Bd5 23. Qf2 Qb6 24. Qg3 g6 25. Qg4+ Be6 26. Qe4 Bxa2+ 27. Kxa2 Rxe4 28. dxe4 Qe6+ 29. b3 Qc6 30. Bd3 Qc3 31. e5 Re8 32. Bf5+ Kb8 33. Rd3 Qxc2+ 34. Ka1 Rxe5 35. Re3 Rxe3 36. Bxc2 d3 37. Bxd3 Rxd3 38. Re1 b6 39. Kb2 Rd2+ 40. Kc3 Rxg2 41. Kc4 Rc2+ 42. Kb5 Rc5+ 43. Kb4 a5+ 44. Ka4 Ka7 45. b4 axb4 46. Kxb4 Rc2 47. Kb5 Rxh2 48. Ra1+ 0-1